Pontica
| Contributors: | ; |
|---|---|
| Format: | Print Book |
| Language: | French |
| Subito Delivery Service: | Order now. |
| Check availability: | HBZ Gateway |
| Interlibrary Loan: | Interlibrary Loan for the Fachinformationsdienste (Specialized Information Services in Germany) |
| Published: |
Saint-Etienne
Univ. Jean Monnet, Centre Jean Palerne [u.a.]
1991-
|
| In: | Year: 1991 |
| Volumes / Articles: | Show volumes/articles. |
| Series/Journal: | Varia Anatolica
... Mémoires / Centre Jean Palerne ... Mémoires / CERA ... |
MARC
| LEADER | 00000cam a2200000 ca4500 | ||
|---|---|---|---|
| 001 | 1097959538 | ||
| 003 | DE-627 | ||
| 005 | 20220514160114.0 | ||
| 007 | tu | ||
| 008 | 920409m19919999xx ||||| 00| ||fre c | ||
| 035 | |a (DE-627)1097959538 | ||
| 035 | |a (DE-576)027959538 | ||
| 035 | |a (DE-599)BSZ027959538 | ||
| 040 | |a DE-627 |b ger |c DE-627 |e rakwb | ||
| 041 | |a fre | ||
| 084 | |a 6,14 |a 6,22 |2 ssgn | ||
| 245 | 0 | 0 | |a Pontica |c éd. par Bernard Rémy |
| 264 | 1 | |a Saint-Etienne |b Univ. Jean Monnet, Centre Jean Palerne [u.a.] |c 1991- | |
| 336 | |a Text |b txt |2 rdacontent | ||
| 337 | |a ohne Hilfsmittel zu benutzen |b n |2 rdamedia | ||
| 338 | |a Band |b nc |2 rdacarrier | ||
| 490 | 0 | |a Varia Anatolica |v ... | |
| 490 | 0 | |a Mémoires / Centre Jean Palerne |v ... | |
| 490 | 0 | |a Mémoires / CERA |v ... | |
| 500 | |a Bd. 2 nur in d. Reihe "Varia Anatolica" ersch. - Bd. 2 verf. von Michel Amandry u. Bernard Remy. - Bd. 2 im Verl. Institut Français d'Études Anatliennes Georges Dumezil, Istanbul u.a. erschienen | ||
| 700 | 1 | |e Hrsg. |0 (DE-588)138550662 |0 (DE-627)603802672 |0 (DE-576)162744846 |4 edt |a Rémy, Bernard |d 1942- | |
| 700 | 1 | |0 (DE-588)133229106 |0 (DE-627)538691697 |0 (DE-576)164698493 |4 oth |a Amandry, Michel |d 1949- | |
| 935 | |a mteo | ||
| 951 | |a MC | ||
| BIB | |a 1 | ||
| ELC | |b 1 | ||
| ITA | |a 1 |t 1 | ||
| LOK | |0 000 xxxxxcx a22 zn 4500 | ||
| LOK | |0 001 2183283823 | ||
| LOK | |0 003 DE-627 | ||
| LOK | |0 004 1097959538 | ||
| LOK | |0 005 20010126000000 | ||
| LOK | |0 008 920504||||||||||||||||ger||||||| | ||
| LOK | |0 040 |a DE-21 |c DE-627 |d DE-21 | ||
| LOK | |0 852 |a DE-21 | ||
| LOK | |0 852 1 |c 32 B 116 |9 00 | ||
| LOK | |0 935 |a theo | ||
| LOK | |0 936ln |a t16.2 | ||
| LOK | |0 938 |l 13 |8 2 | ||
| LOK | |0 939 |a 04-05-92 |b l01 | ||
| ORI | |a SA-MARC-ixtheoa001.raw | ||
| SPR | |a 1 |t IXT | ||
| SUB | |a BIB | ||